University Home | Library Home | Institutional Repository

The citizen of the world, or, Letters from a Chinese philosopher residing in London to his friends in the East / (Record no. 191491)

MARC details
000 -LEADER
fixed length control field 00936cam4a220027700 4500
001 - CONTROL NUMBER
control field lce00053707
008 - FIXED-LENGTH DATA ELEMENTS--GENERAL INFORMATION
fixed length control field 691219s1969 enka 000 0 eng
010 ## - LIBRARY OF CONGRESS CONTROL NUMBER
LC control number 75433950
015 ## - NATIONAL BIBLIOGRAPHY NUMBER
National bibliography number B69-11244
020 ## - INTERNATIONAL STANDARD BOOK NUMBER
International Standard Book Number 0850670039
020 ## - INTERNATIONAL STANDARD BOOK NUMBER
Terms of availability unpriced
035 ## - SYSTEM CONTROL NUMBER
System control number (Sirsi) r70360
035 ## - SYSTEM CONTROL NUMBER
System control number (DLC) 75433950
035 ## - SYSTEM CONTROL NUMBER
System control number (UPRA)lce00053707
040 ## - CATALOGING SOURCE
Modifying agency UPRA
050 0# - LIBRARY OF CONGRESS CALL NUMBER
Classification number PR3485
Item number .C5 1969
082 ## - DEWEY DECIMAL CLASSIFICATION NUMBER
Classification number 827/.6
100 1# - MAIN ENTRY--PERSONAL NAME
Personal name Goldsmith, Oliver, 1730?-1774.
Dates associated with a name Goldsmith, Oliver, 1730?-1774.
Linkage A30553.1
245 14 - TITLE STATEMENT
Title The citizen of the world, or, Letters from a Chinese philosopher residing in London to his friends in the East /
Statement of responsibility, etc. with decorations by Cecil Keeling.
260 ## - PUBLICATION, DISTRIBUTION, ETC.
Place of publication, distribution, etc. London :
Name of publisher, distributor, etc. Folio Society,
Date of publication, distribution, etc. 1969.
500 ## - GENERAL NOTE
General note Illus. on lining papers.
740 0# - ADDED ENTRY--UNCONTROLLED RELATED/ANALYTICAL TITLE
Uncontrolled related/analytical title Letters from a Chinese philosopher.
949 ## - LOCAL PROCESSING INFORMATION (OCLC)
a PR3485
w lcc
m MAIN
t BOOK
l ON-SHELF
949 ## - LOCAL PROCESSING INFORMATION (OCLC)
a PR3485
w lcc
i -95175
m MAIN
t BOOK
l ON-SHELF

No items available.

© 2026 - The University of Zambia Library - Koha v25.11